00488nam a2200121Ia 4500008004100000024005600041082001800097100008300115245007600198260002500274600003400299650003300333250506s9999 xx 000 0 und d a15B-117-EL, 15B-141-El, 15B-154-EL & 15B-224-El a621.23072 AIM aAiman Saleem, Michelle Shahbaz, Palwasha Rashid Balooch & Hafiza Fareeha Safvi 0aAdaptive Algorithims Implementation As Channel Estimation and Equalizer aKarachi:bUIT,c2015 aTelecommunication Engineering aBachelor of Engineering (BE)